Strength of materials (Record no. 4143)

000 -LEADER
fixed length control field 00602nam a2200229 4500
001 - CONTROL NUMBER
control field 4143
003 - CONTROL NUMBER IDENTIFIER
control field BD-DhUET
008 - FIXED-LENGTH DATA ELEMENTS--GENERAL INFORMATION
fixed length control field 0
020 ## - INTERNATIONAL STANDARD BOOK NUMBER
International Standard Book Number 0070702977
040 ## - CATALOGING SOURCE
Transcribing agency 0
Modifying agency BD-DhUET
082 ## - DEWEY DECIMAL CLASSIFICATION NUMBER
Classification number 620.112
Item number WIL/1981
100 ## - MAIN ENTRY--PERSONAL NAME
Personal name Willems, Nicholas
245 ## - TITLE STATEMENT
Title Strength of materials
Statement of responsibility, etc. by Nicholas Willems, John T. Easley and Stanley T. Rolfe
250 ## - EDITION STATEMENT
Edition statement 1st ed.
260 ## - PUBLICATION, DISTRIBUTION, ETC. (IMPRINT)
Place of publication, distribution, etc. New York
Name of publisher, distributor, etc. McGraw-Hill
Date of publication, distribution, etc. 1981
300 ## - PHYSICAL DESCRIPTION
Extent xviii, 508 p.
Other physical details ill.
Dimensions 12 cm.
504 ## - BIBLIOGRAPHY, ETC. NOTE
Bibliography, etc Includes bibliographies
650 #0 - SUBJECT ADDED ENTRY--TOPICAL TERM
Topical term or geographic name as entry element Strength of materials
700 ## - ADDED ENTRY--PERSONAL NAME
Personal name Easley, John T.
700 ## - ADDED ENTRY--PERSONAL NAME
Personal name Rolfe, Stanley T.
942 ## - ADDED ENTRY ELEMENTS (KOHA)
Koha item type General Book
Holdings
Price effective from Date acquired Damaged status Location (home branch) Source of classification or shelving scheme Koha item type Lost status Koha normalized classification for sorting Koha out on loan Shelving location Not for loan Koha date last borrowed Koha issues (times borrowed) Sublocation or collection (holding branch) Copy number Withdrawn status Koha full call number Koha date last seen Piece designation (barcode)
2014-11-122014-11-12 Central Library, BUET General Book 620_112000000000000_WIL_1981 Circulation section 2018-11-061Central Library, BUET1 620.112/WIL/19812018-12-1879849
2014-11-122014-11-12 Central Library, BUET General Book 620_112000000000000_WIL_1981 Circulation section 2018-12-221Central Library, BUET2 620.112/WIL/19812019-04-2479850
2014-11-122014-11-12 Central Library, BUET General Book 620_000000000000000_112WIL1981 Circulation section   Central Library, BUET3 620.112/WIL/19812014-11-1279853
2014-11-122014-11-12 Central Library, BUET General Book 620_000000000000000_112WIL1981 Circulation section   Central Library, BUET4 620.112/WIL/19812014-11-1281408
2014-11-122014-11-12 Central Library, BUET General Book 620_000000000000000_112WIL1981 Circulation section 2021-11-292Central Library, BUET5 620.112/WIL/19812021-12-0779852
2014-11-122014-11-12 Central Library, BUET General Book 620_000000000000000_112WIL19812025-12-22Circulation section 2025-12-081Central Library, BUET6 620.112/WIL/19812025-12-0879580
2014-11-122014-11-12 Central Library, BUET General Book 620_000000000000000_112WIL1981 Circulation section   Central Library, BUET7 620.112/WIL/19812014-11-1281410
2014-11-122014-11-12 Central Library, BUET General Book 620_000000000000000_112WIL1981 Circulation section 2023-07-081Central Library, BUET8 620.112/WIL/19812023-07-1879851
2014-11-122014-11-12 Central Library, BUET General Book 620_112000000000000_WIL_1981 Circulation section   Central Library, BUET9 620.112/WIL/19812014-11-1281409
2015-02-042015-02-04 Central Library, BUET General Book 620_112000000000000_WIL_1981 Circulation section   Central Library, BUET10 620.112/WIL/19812015-02-0479581